[Event "15th ETC"]
[Site "Gothenburg SWE"]
[Date "2005.08.03"]
[Round "5"]
[White "Jenni,F"]
[Black "Carlsson,P"]
[Result "1-0"]
[WhiteElo "2494"]
[BlackElo "2394"]
[EventDate "2005.07.30"]

1. d4 Nf6 2. Nf3 e6 3. Bg5 h6 4. Bh4 d6 5. Nbd2 g5 6. Bg3 Nh5 7. e4 Bg7 8.
c3 O-O 9. Bd3 f5 10. h3 c5 11. dxc5 dxc5 12. Qe2 Nc6 13. O-O-O g4 14. Ne1
Qg5 15. exf5 Nxg3 16. fxg3 exf5 17. hxg4 fxg4 18. Bc4+ Kh8 19. Nd3 Bf5 20.
Rhe1 Bh7 21. Nf4 Ne5 22. Ne4 Qf5 23. Bb3 Rae8 24. Bc2 Ng6 25. Nd5 Qe6 26.
Nc7 Qxa2 27. Nxe8 Rxe8 28. Qb5 Rf8 29. Rf1 a6 30. Rxf8+ Nxf8 31. Qe8 Qa1+
32. Bb1 Bg6 33. Qe7 b5 34. Rd8 Bxe4 35. Qxe4 Kg8 36. Qd5+ Kh8 37. Rxf8+
Bxf8 38. Qf7 1-0

[Event "15th ETC"]
[Site "Gothenburg SWE"]
[Date "2005.08.03"]
[Round "5"]
[White "Perunovic,Mil"]
[Black "Anastasian,A"]
[Result "0-1"]
[WhiteElo "2559"]
[BlackElo "2595"]
[EventDate "2005.07.30"]

1. e4 c6 2. d4 d5 3. e5 Bf5 4. Nf3 e6 5. Be2 Nd7 6. O-O Bg6 7. c3 Nh6 8.
Na3 Nf5 9. Nc2 Be7 10. Nce1 Nh4 11. Nxh4 Bxh4 12. g3 Be7 13. Ng2 h6 14. Nf4
Be4 15. Be3 O-O 16. Rc1 c5 17. Bg4 cxd4 18. Bxd4 Bg5 19. Qd2 Nb8 20. h4
Bxf4 21. Qxf4 Nc6 22. Bc5 f5 23. Bxf8 fxg4 24. Bd6 Bf3 25. Rfe1 Qe8 26. Re3
Qf7 27. Rxf3 gxf3 28. Qg4 h5 29. Qg5 Na5 30. b3 Rc8 31. Rd1 Nc6 32. Rd3 b5
33. Qe3 Nd8 34. Rd4 Qg6 35. Rf4 Nf7 36. Bb4 a5 37. Bxa5 Ra8 38. b4 Rc8 39.
Rxf3 Nh6 40. Bb6 Nf5 41. Qf4 Ra8 42. Ba5 Rc8 43. Bb6 Ra8 44. Ba5 Rc8 45.
Kf1 Kh7 46. Qd2 Rc4 47. Rf4 d4 48. Rf3 Qg4 49. Rd3 Qe4 50. Kg1 dxc3 51.
Rxc3 Nd4 52. Rxc4 bxc4 53. Qd1 Nf3+ 54. Kg2 c3 55. Qc1 Nd4+ 0-1

[Event "15th ETC"]
[Site "Gothenburg SWE"]
[Date "2005.08.03"]
[Round "5"]
[White "Pert,N"]
[Black "Parligras,M"]
[Result "1/2-1/2"]
[WhiteElo "2493"]
[BlackElo "2571"]
[EventDate "2005.07.30"]

1. d4 Nf6 2. Nf3 e6 3. c4 b6 4. a3 Bb7 5. Nc3 d5 6. cxd5 Nxd5 7. Qc2 Nxc3
8. bxc3 Be7 9. e4 O-O 10. Bd3 c5 11. O-O Qc8 12. Qe2 Ba6 13. Rd1 Rd8 14. h4
cxd4 15. cxd4 Bxd3 16. Rxd3 Nd7 17. Bg5 Bxg5 18. hxg5 Qc4 19. Qe3 Rac8 20.
Rad1 Qa4 21. g3 Rc4 22. Kg2 Rdc8 23. Qf4 Rc3 24. Ne5 Nxe5 25. Rxc3 Rxc3 26.
Qxe5 g6 27. Qb8+ Kg7 28. Qe5+ Kg8 29. Qb8+ Kg7 30. Qe5+ 1/2-1/2

[Event "15th ETC"]
[Site "Gothenburg SWE"]
[Date "2005.08.03"]
[Round "5"]
[White "Nevednichy,V"]
[Black "Gormally,D"]
[Result "1-0"]
[WhiteElo "2583"]
[BlackElo "2557"]
[EventDate "2005.07.30"]

1. e4 c5 2. Nf3 d6 3. Bb5+ Nd7 4. d4 Ngf6 5. Nc3 cxd4 6. Qxd4 e5 7. Qd3 h6
8. Be3 Be7 9. O-O a6 10. Bc4 b5 11. Bd5 Rb8 12. b4 Nxd5 13. Nxd5 Bb7 14.
Nd2 O-O 15. Rab1 Bxd5 16. exd5 f5 17. f3 Bg5 18. Bxg5 Qxg5 19. c4 e4 20.
fxe4 Ne5 21. Qe2 bxc4 22. exf5 Rxf5 23. Nxc4 Rxf1+ 24. Rxf1 Rxb4 25. Nxd6
Rd4 26. Qxa6 Rd2 27. Qc8+ Kh7 28. Qh3 Rxd5 29. Ne4 Qg6 30. Qe3 Nc4 31. Qf4
Qb6+ 32. Nf2 Qc5 33. Qe4+ Kh8 34. Qe8+ Kh7 35. Qe4+ Kh8 36. Rc1 Rd2 37.
Qe8+ Kh7 38. Qe4+ Kh8 39. Qf4 Rxa2 40. Qb8+ 1-0

[Event "15th ETC"]
[Site "Gothenburg SWE"]
[Date "2005.08.03"]
[Round "5"]
[White "Bareev,E"]
[Black "Gunnarsson,Arn"]
[Result "1-0"]
[WhiteElo "2688"]
[BlackElo "2438"]
[EventDate "2005.07.30"]

1. d4 f5 2. Bg5 d6 3. e4 Nc6 4. Nc3 Nf6 5. d5 Ne5 6. Nf3 fxe4 7. Nxe5 dxe5
8. Bb5+ Bd7 9. Qe2 a6 10. Bxd7+ Qxd7 11. O-O-O O-O-O 12. h3 g6 13. Kb1 h6
14. Bh4 g5 15. Bg3 Qf5 16. Qe3 Kb8 17. Rhf1 e6 18. f3 Nxd5 19. Nxd5 exd5
20. fxe4 Qe6 21. exd5 Rxd5 22. Rxd5 Qxd5 23. Qxe5 Qxe5 24. Bxe5 Rg8 25. g4
Bg7 26. Bxg7 Rxg7 27. Rf8+ Ka7 28. Kc1 Rg6 29. Kd2 Re6 30. Kd3 a5 31. Rf5
Kb6 32. Kd4 c6 33. Rf2 Kc7 34. Rf7+ Kb6 35. Rf2 Kc7 36. c4 b6 37. c5 bxc5+
38. Kxc5 Re5+ 39. Kd4 Re6 40. b3 Kb6 41. Rc2 Kb5 42. Rc5+ Kb4 43. Rc4+ Kb5
44. a3 Kb6 45. Rc3 Kb5 46. Rc5+ Kb6 47. Rf5 Ka6 48. Rf3 Kb5 49. Rf5+ Kb6
50. Rf8 Rd6+ 51. Kc4 Re6 52. Rh8 Rf6 53. Kd4 Rf3 54. Rxh6 Rxb3 55. a4 Ra3
56. Ke4 Rxa4+ 57. Kf5 Rd4 58. Kxg5 a4 59. Rf6 a3 60. Rf1 Ra4 61. h4 a2 62.
Ra1 Kb5 63. h5 Kb4 64. h6 Kb3 65. h7 Ra8 66. Kh6 c5 67. g5 Kb2 68. Rxa2+
Kxa2 69. g6 c4 70. g7 c3 71. g8=Q+ Rxg8 72. hxg8=Q+ Kb2 73. Qg7 1-0

[Event "15th ETC"]
[Site "Gothenburg SWE"]
[Date "2005.08.03"]
[Round "5"]
[White "Schandorff,L"]
[Black "Berkes,F"]
[Result "1/2-1/2"]
[WhiteElo "2519"]
[BlackElo "2619"]
[EventDate "2005.07.30"]

1. d4 Nf6 2. c4 e6 3. Nf3 d5 4. Nc3 Nbd7 5. Bf4 dxc4 6. e3 Bd6 7. Bg5 a6 8.
Bxc4 b5 9. Bd3 Bb7 10. O-O Be7 11. Qc2 c5 12. Bxf6 gxf6 13. Be4 Bxe4 14.
Nxe4 cxd4 15. Nxd4 Rc8 16. Qe2 f5 17. Ng3 O-O 18. a4 bxa4 19. Rxa4 Nc5 20.
Rc4 a5 21. Rfc1 Qd7 22. Qc2 Rc7 23. Nb3 Qb5 24. Nxa5 Qxa5 25. b4 Qa3 26.
bxc5 Rc6 27. Rc3 Qb4 28. Rb1 Qa5 29. Nh5 Rfc8 30. Qb2 f6 31. h3 Kf7 32. Ra1
Qd8 33. Nf4 Rxc5 34. Rxc5 Rxc5 35. Qe2 Rc6 36. Qf3 Qd7 37. Kh2 Bd6 38. Ra8
Rc8 39. Ra6 Bxf4+ 40. exf4 Rc7 41. Ra8 Rc8 42. Ra3 Kg7 43. Rd3 Qc7 44. Qd1
Qxf4+ 45. Rg3+ Kh6 46. Qd7 Rg8 47. Qxe6 Rxg3 48. fxg3 Qe5 49. Qf7 f4
1/2-1/2

[Event "15th ETC"]
[Site "Gothenburg SWE"]
[Date "2005.08.03"]
[Round "5"]
[White "Ruck,R"]
[Black "Hansen,LB"]
[Result "1/2-1/2"]
[WhiteElo "2546"]
[BlackElo "2567"]
[EventDate "2005.07.30"]

1. Nf3 d5 2. d4 Nf6 3. c4 c6 4. Nc3 e6 5. Bg5 Nbd7 6. e3 Qa5 7. Nd2 dxc4 8.
Bxf6 Nxf6 9. Nxc4 Qc7 10. a3 Be7 11. Be2 O-O 12. O-O Rd8 13. b4 Nd5 14. Qb3
Bd7 15. Rfc1 Be8 16. Rc2 Rac8 17. Rac1 Qb8 18. g3 Bf8 19. Ne5 Bd6 20. Nc4
Bf8 21. Qb2 f6 22. Bg4 Bf7 23. Na5 Nb6 24. Bh3 Re8 25. Rd2 Bg6 26. Qb3 Bf7
27. Qd1 Rcd8 28. Ne4 Nd7 29. Nc3 Nb6 30. Ne4 Nd7 31. Nc3 1/2-1/2

[Event "15th ETC"]
[Site "Gothenburg SWE"]
[Date "2005.08.03"]
[Round "5"]
[White "Palo,D"]
[Black "Balogh,C"]
[Result "0-1"]
[WhiteElo "2519"]
[BlackElo "2537"]
[EventDate "2005.07.30"]

1. d4 Nf6 2. c4 e6 3. Nf3 b6 4. g3 Ba6 5. b3 Bb4+ 6. Bd2 Be7 7. Nc3 O-O 8.
e4 d5 9. e5 Ne4 10. Bd3 Nxc3 11. Bxc3 c5 12. dxc5 bxc5 13. h4 f5 14. exf6
Bxf6 15. Be5 Nd7 16. Bxf6 Qxf6 17. Be2 Ne5 18. Nxe5 Qxf2+ 19. Kd2 dxc4 20.
bxc4 Rad8+ 21. Nd3 Bxc4 22. Kc1 Bxd3 23. Bxd3 Qe3+ 24. Qd2 Rxd3 25. Qxe3
Rxe3 0-1

[Event "15th ETC"]
[Site "Gothenburg SWE"]
[Date "2005.08.03"]
[Round "5"]
[White "Mihalcisin,A"]
[Black "Spasov,V"]
[Result "1/2-1/2"]
[WhiteElo "2526"]
[BlackElo "2551"]
[EventDate "2005.07.30"]

1. e4 c5 2. Nf3 Nc6 3. d4 cxd4 4. Nxd4 Nf6 5. Nc3 e5 6. Ndb5 d6 7. Bg5 a6
8. Na3 b5 9. Nd5 Be7 10. Nxe7 Nxe7 11. Bd3 Bb7 12. Qe2 Nd7 13. b4 O-O 14.
c4 f6 15. Bd2 f5 16. cxb5 fxe4 17. Bxe4 d5 18. Bc2 Nf5 19. Bxf5 Rxf5 20.
O-O d4 21. Nc4 Bd5 22. Nd6 Rf8 23. bxa6 Qb6 24. Ne4 Qxa6 1/2-1/2

[Event "15th ETC"]
[Site "Gothenburg SWE"]
[Date "2005.08.03"]
[Round "5"]
[White "Cheparinov,I"]
[Black "Pavasovic,D"]
[Result "1/2-1/2"]
[WhiteElo "2634"]
[BlackElo "2566"]
[EventDate "2005.07.30"]

1. e4 e5 2. Nf3 Nf6 3. Nxe5 d6 4. Nf3 Nxe4 5. d4 d5 6. Bd3 Nc6 7. O-O Be7
8. c4 Nb4 9. Be2 Be6 10. c5 Bf6 11. Bf4 O-O 12. Ne5 Bxe5 13. Bxe5 Nc6 14.
Bf4 Qf6 15. Be3 Bf5 16. Nc3 Nxc3 17. bxc3 b6 18. Rc1 Na5 19. Qa4 Rfe8 20.
Rfe1 Re7 21. Bf1 Bd7 22. Qd1 1/2-1/2

[Event "15th ETC"]
[Site "Gothenburg SWE"]
[Date "2005.08.03"]
[Round "5"]
[White "Bojkov,D"]
[Black "Borisek,J"]
[Result "1/2-1/2"]
[WhiteElo "2522"]
[BlackElo "2509"]
[EventDate "2005.07.30"]

1. e4 e5 2. Nf3 Nc6 3. Bc4 Bc5 4. O-O Nf6 5. d3 d6 6. c3 a6 7. Bb3 O-O 8.
Nbd2 Ba7 9. h3 h6 10. Re1 Nh5 11. Nf1 Qf6 12. Be3 Nf4 13. Ng3 g6 14. Nh2 h5
15. Ne2 Bxe3 16. fxe3 Nxe2+ 17. Qxe2 Kg7 18. Rf1 Qe7 19. d4 Bd7 20. Rf2 Na5
21. Bc2 c5 22. d5 b5 23. Raf1 c4 24. Qf3 Nb7 25. Qg3 h4 26. Qf3 Qg5 27. Kh1
Nc5 28. Qe2 Rab8 29. Qe1 f6 30. Rf3 a5 31. Qf2 Rf7 32. g3 Rh8 33. Rg1 Qh6
34. b4 cxb3 35. axb3 b4 36. g4 g5 37. Ra1 bxc3 38. Qe1 Qg6 39. Rxa5 Rb8 40.
Qxc3 Rc8 41. Qb2 Be8 42. Qb1 Rb7 43. Nf1 Qf7 44. Nd2 Qc7 45. Ra2 Bg6 46.
Qf1 Qd8 47. Rf2 Rcc7 48. Qg2 Rb4 49. Qf3 Rf7 50. Kh2 Qh8 51. Nc4 Qb8 52.
Ra3 Kh7 53. Na5 Qb6 54. Nc6 Rb5 55. Ra8 Nxb3 56. Bd3 Nc5 57. Bxb5 Qxb5 58.
Rb8 Qd3 59. Ra2 Bxe4 60. Qe2 Qxd5 61. Nb4 Qe6 62. Na6 Ra7 63. Rbb2 Nd3 64.
Rc2 d5 65. Nc5 Rxa2 66. Nxe6 Ra1 67. Nxg5+ fxg5 68. Rc7+ Kg8 69. Rc8+ Kf7
70. Rf8+ Kxf8 71. Qf1+ Rxf1 1/2-1/2

[Event "15th ETC"]
[Site "Gothenburg SWE"]
[Date "2005.08.03"]
[Round "5"]
[White "Mchedlishvili,M"]
[Black "Hillarp Persson,T"]
[Result "1-0"]
[WhiteElo "2549"]
[BlackElo "2511"]
[EventDate "2005.07.30"]

1. d4 Nf6 2. c4 g6 3. Nc3 Bg7 4. e4 d6 5. h3 O-O 6. Nf3 Na6 7. Bg5 Qe8 8.
Be2 e5 9. d5 Nh5 10. g3 f5 11. exf5 gxf5 12. Nh4 Nf6 13. Qc2 Nb4 14. Qb3 a5
15. a3 Na6 16. Qc2 a4 17. O-O-O Nc5 18. Be3 Nb3+ 19. Kb1 Bd7 20. Nb5 Qc8
21. Rhg1 Kh8 22. f3 Ng8 23. f4 Ne7 24. Nf3 Ng6 25. h4 Ne7 26. fxe5 dxe5 27.
Nxc7 Qxc7 28. d6 Qd8 29. Bg5 Nc6 30. Bxd8 Raxd8 31. c5 e4 32. Ng5 h6 33.
Bc4 hxg5 34. hxg5 Be5 35. Qh2+ 1-0

[Event "15th ETC"]
[Site "Gothenburg SWE"]
[Date "2005.08.03"]
[Round "5"]
[White "Berg,E"]
[Black "Pantsulaia,L"]
[Result "0-1"]
[WhiteElo "2539"]
[BlackElo "2510"]
[EventDate "2005.07.30"]

1. e4 c6 2. Nc3 d5 3. d4 dxe4 4. Nxe4 Bf5 5. Ng3 Bg6 6. h4 h6 7. Nf3 Nd7 8.
h5 Bh7 9. Bd3 Bxd3 10. Qxd3 e6 11. Bf4 Qa5+ 12. Bd2 Qc7 13. O-O-O Ngf6 14.
Ne4 O-O-O 15. g3 Nxe4 16. Qxe4 Nf6 17. Qe2 Bd6 18. c4 c5 19. Be3 cxd4 20.
Nxd4 a6 21. Kb1 Rd7 22. Nb3 Qc6 23. Rhe1 Rhd8 24. f4 Bc7 25. Rd4 Rxd4 26.
Bxd4 Rd7 27. a3 Rd8 28. Ka2 Rd7 29. Bxf6 gxf6 30. Qg4 Kb8 31. Qg7 a5 32.
Qf8+ Ka7 33. Rc1 a4 34. Na1 Rd4 35. Qxf7 Rxc4 36. Rd1 e5 37. Rd7 Rc1 38.
fxe5 Bxe5 39. Qd5 Rxa1+ 0-1

[Event "15th ETC"]
[Site "Gothenburg SWE"]
[Date "2005.08.03"]
[Round "5"]
[White "Agrest,E"]
[Black "Azmaiparashvili,Z"]
[Result "1/2-1/2"]
[WhiteElo "2592"]
[BlackElo "2672"]
[EventDate "2005.07.30"]

1. e4 d6 2. d4 g6 3. Nc3 Bg7 4. Be3 a6 5. Nf3 b5 6. Bd3 Nd7 7. e5 Bb7 8. e6
fxe6 9. Ng5 Nf8 10. O-O Nh6 11. a4 b4 12. Ne2 Nf5 13. Nf4 Qd7 14. Qd2 Bf6
15. Ne4 Bxd4 16. Bxd4 Nxd4 17. Qxb4 c5 18. Qe1 e5 19. c3 Nfe6 20. Nh3 Nf5
21. Nd2 O-O 22. f3 Nf4 23. Nxf4 exf4 24. Nc4 Rab8 25. a5 d5 26. Rd1 Qc7 27.
Bxf5 Rxf5 28. Nb6 Rd8 29. Qe6+ Kf8 30. Rfe1 c4 31. Kh1 Rd6 32. Qe2 Kf7 33.
Qf2 Rd8 34. Rd2 h5 35. Red1 e6 36. Rd4 Re8 37. h3 Qc5 38. Qh4 Re7 39. Rxf4
Qxa5 40. Rxf5+ exf5 41. Qd4 Qb5 42. Nxd5 Bxd5 43. Qxd5+ Qxd5 44. Rxd5 Re2
45. Rd7+ Ke6 46. Rg7 Rxb2 47. Rxg6+ Ke5 48. Rc6 Kd5 49. Rf6 Ke5 50. Rc6 Kd5
51. Rf6 Rc2 52. Rxf5+ Kc6 53. g4 Rxc3 54. g5 Rd3 55. g6 Rd8 56. g7 c3 57.
Rf6+ Kb5 58. Rf7 c2 59. Rc7 Rg8 60. Rxc2 Rxg7 61. f4 a5 62. f5 Rf7 63. Rf2
Rf6 64. h4 Kc4 65. Rf4+ Kd5 66. Ra4 Ra6 67. Kg2 Ke5 68. Kf3 Kxf5 69. Rf4+
Ke5 70. Ra4 Kd5 71. Kf4 Kc5 72. Kg5 Kb5 73. Ra1 a4 74. Kxh5 a3 75. Kg5 Kb4
76. h5 Kb3 77. h6 Ra7 78. Kg6 Kb2 79. Rxa3 Kxa3 80. h7 Rxh7 81. Kxh7
1/2-1/2

[Event "15th ETC"]
[Site "Gothenburg SWE"]
[Date "2005.08.03"]
[Round "5"]
[White "Palac,M"]
[Black "Banikas,H"]
[Result "1/2-1/2"]
[WhiteElo "2566"]
[BlackElo "2548"]
[EventDate "2005.07.30"]

1. e4 c5 2. Nf3 d6 3. d4 cxd4 4. Nxd4 Nf6 5. Nc3 a6 6. a4 g6 7. Be2 Bg7 8.
O-O O-O 9. Be3 Nc6 10. Qd2 d5 11. exd5 Nxd5 12. Nxd5 Nxd4 13. Bc4 Be6 14.
Bxd4 Bxd5 15. Bxg7 1/2-1/2

[Event "15th ETC"]
[Site "Gothenburg SWE"]
[Date "2005.08.03"]
[Round "5"]
[White "Kotronias,V"]
[Black "Kozul,Z"]
[Result "1-0"]
[WhiteElo "2587"]
[BlackElo "2585"]
[EventDate "2005.07.30"]

1. e4 c5 2. Nf3 Nc6 3. d4 cxd4 4. Nxd4 Qb6 5. Nb3 Nf6 6. Nc3 e6 7. Bd3 a6
8. Be3 Qc7 9. f4 d6 10. Qf3 b5 11. O-O-O Rb8 12. g4 g6 13. g5 Nd7 14. h4
Bg7 15. h5 Nb4 16. Kb1 a5 17. Bd4 e5 18. h6 Bf8 19. fxe5 dxe5 20. Rhf1 f6
21. Nxb5 Rxb5 22. Bxb5 exd4 23. Qxf6 Ba6 24. Nxd4 Bxb5 25. Qf7+ Kd8 26.
Ne6+ Kc8 27. Nxc7 Kxc7 28. Rxd7+ Bxd7 29. Rd1 1-0

[Event "15th ETC"]
[Site "Gothenburg SWE"]
[Date "2005.08.03"]
[Round "5"]
[White "Halkias,S"]
[Black "Dizdar,G"]
[Result "0-1"]
[WhiteElo "2548"]
[BlackElo "2518"]
[EventDate "2005.07.30"]

1. d4 Nf6 2. Nf3 e6 3. c4 Bb4+ 4. Bd2 c5 5. Bxb4 cxb4 6. g3 O-O 7. Bg2 d6
8. Nbd2 Nc6 9. Nf1 e5 10. Ne3 Ng4 11. Nd5 Nf6 12. O-O Bg4 13. dxe5 dxe5 14.
Qd2 Ne4 15. Qe3 Bxf3 16. Bxf3 Ng5 17. Bg2 Ne6 18. Rfd1 Qe8 19. a3 bxa3 20.
Qxa3 f5 21. b4 Ncd4 22. Qb2 Qh5 23. Rd2 f4 24. Ra3 Rae8 25. Rxa7 f3 26.
exf3 Ng5 27. Rd3 Ndxf3+ 28. Bxf3 Rxf3 29. Rxf3 Nxf3+ 30. Kg2 Rf8 31. h4
Nxh4+ 32. gxh4 Qg4+ 33. Kf1 Qxc4+ 34. Kg1 Qg4+ 35. Kh1 Qxh4+ 36. Kg1 Qg4+
37. Kh1 Qh4+ 38. Kg2 Qg4+ 39. Kh1 Qh5+ 40. Kg2 Qg4+ 41. Kh1 Qf3+ 42. Kh2
Qxd5 43. Ra5 Qf7 44. Rxe5 Qxf2+ 45. Qxf2 Rxf2+ 46. Kg3 Rf6 47. b5 Kf7 48.
Rc5 Kg6 49. Rc7 Rb6 50. Rc5 Kf6 51. Kf4 g6 52. Kg4 h5+ 53. Kh4 Re6 54. Rc7
g5+ 55. Kg3 b6 56. Rb7 Kf5 57. Rf7+ Rf6 58. Rc7 h4+ 59. Kh3 Re6 60. Rf7+
Kg6 61. Rc7 Kh5 62. Rh7+ Kg6 63. Rc7 Kf5 64. Rf7+ Ke4 65. Rb7 Kd4 66. Kg4
Kc5 67. Kxg5 Kxb5 68. Kxh4 Rg6 69. Kh5 Rg1 70. Rf7 Ka5 71. Rb7 b5 72. Rb8
b4 73. Ra8+ Kb5 74. Rb8+ Ka4 75. Kh4 b3 76. Kh3 Rg5 77. Kh4 Rb5 0-1

[Event "15th ETC"]
[Site "Gothenburg SWE"]
[Date "2005.08.03"]
[Round "5"]
[White "Sulskis,S"]
[Black "Nedev,T"]
[Result "0-1"]
[WhiteElo "2535"]
[BlackElo "2530"]
[EventDate "2005.07.30"]

1. e4 c5 2. Nf3 Nc6 3. d4 cxd4 4. Nxd4 Nf6 5. Nc3 e5 6. Ndb5 d6 7. Bg5 a6
8. Bxf6 gxf6 9. Na3 b5 10. Nd5 Bg7 11. g4 Ne7 12. Be2 Nxd5 13. Qxd5 Be6 14.
Qc6+ Ke7 15. Qb7+ Qd7 16. Qxd7+ Bxd7 17. c4 h5 18. cxb5 hxg4 19. bxa6 Bc6
20. Rc1 Bxe4 21. Rc7+ Ke6 22. Rg1 f5 23. f3 gxf3 24. Bc4+ d5 25. Rxg7 dxc4
26. Rgxf7 Rxh2 27. Rce7+ Kd5 28. Rd7+ Kc5 29. Rc7+ Kd4 30. Rfd7+ Ke3 31.
Nxc4+ Kf4 32. a7 Rah8 33. Rg7 0-1

[Event "15th ETC"]
[Site "Gothenburg SWE"]
[Date "2005.08.03"]
[Round "5"]
[White "Sakalauskas,V"]
[Black "Kizov,A"]
[Result "1-0"]
[WhiteElo "2473"]
[BlackElo "2418"]
[EventDate "2005.07.30"]

1. d4 d5 2. c4 c6 3. Nc3 Nf6 4. e3 a6 5. Nf3 b5 6. b3 Bg4 7. h3 Bxf3 8.
gxf3 e6 9. f4 g6 10. c5 Nbd7 11. Bg2 Nh5 12. b4 f5 13. Bd2 Ndf6 14. Bf3 Ng7
15. a4 Ne4 16. Bxe4 fxe4 17. Qg4 Kf7 18. Ke2 h5 19. Qg2 Nf5 20. Ra2 Be7 21.
Rha1 Rc8 22. axb5 axb5 23. Kd1 Qd7 24. Kc2 Rc7 25. Ne2 Rb8 26. Qf1 Nh4 27.
Ng1 Rbb7 28. Ra5 Bf6 29. R1a3 Ra7 30. Qa1 Rxa5 31. Rxa5 Rb7 32. Ra8 Rc7 33.
Qa6 Nf5 34. Kd1 Ne7 35. f3 Rc8 36. Ra7 Rc7 37. Ra8 Rc8 38. Rxc8 Nxc8 39.
fxe4 dxe4 40. Ne2 Ne7 41. Nc3 Nf5 42. Qa2 g5 43. fxg5 Bxg5 44. Ke2 Ng3+ 45.
Kf2 h4 46. Kg2 Kg8 47. Qb1 Qg7 48. Kh2 Qc7 49. Kg2 Qg7 50. Kh2 Qf7 51. Qe1
Qf3 52. Nd1 Bd8 53. Nf2 Bc7 54. Kg1 Nf5 55. Qd1 Qg3+ 56. Kf1 Nxe3+ 57. Bxe3
Qxe3 58. Qg4+ Kf7 59. Qh5+ Kg7 60. Qxh4 Bg3 61. Qe7+ Kh8 62. Qf8+ Kh7 63.
Qf7+ Kh8 64. Qf6+ Kh7 65. Ng4 Bf4 66. Nxe3 1-0

[Event "15th ETC"]
[Site "Gothenburg SWE"]
[Date "2005.08.03"]
[Round "5"]
[White "Jacimovic,D"]
[Black "Kveinys,A"]
[Result "1/2-1/2"]
[WhiteElo "2438"]
[BlackElo "2510"]
[EventDate "2005.07.30"]

1. d4 d5 2. c4 e6 3. Nc3 Nf6 4. cxd5 exd5 5. Bg5 Be7 6. e3 c6 7. Qc2 Nbd7
8. Bd3 O-O 9. Nf3 Re8 10. h3 Nf8 11. Bf4 Bd6 12. Bxd6 Qxd6 13. O-O-O Be6
14. Kb1 Rac8 15. Rc1 a6 16. g4 c5 17. dxc5 Rxc5 18. Nd4 Rec8 19. f3 N6d7
20. f4 b5 21. Qh2 1/2-1/2

[Event "15th ETC"]
[Site "Gothenburg SWE"]
[Date "2005.08.03"]
[Round "5"]
[White "Van der Stricht,G"]
[Black "Hall,Je"]
[Result "1/2-1/2"]
[WhiteElo "2400"]
[BlackElo "2487"]
[EventDate "2005.07.30"]

1. d4 Nf6 2. c4 e6 3. Nc3 Bb4 4. Qc2 O-O 5. a3 Bxc3+ 6. Qxc3 b6 7. Bg5 Bb7
8. e3 d6 9. Ne2 Nbd7 10. Qd3 Qe7 11. Nc3 c5 12. Rd1 Rad8 13. d5 h6 14. Bh4
Ne5 15. Qc2 Ng6 16. Bg3 exd5 17. cxd5 Bc8 18. Be2 Bg4 19. f3 Bc8 20. Bf2
Nd7 21. O-O f5 1/2-1/2

[Event "15th ETC"]
[Site "Gothenburg SWE"]
[Date "2005.08.03"]
[Round "5"]
[White "Tikkanen,H"]
[Black "Claesen,P"]
[Result "1-0"]
[WhiteElo "2316"]
[BlackElo "2384"]
[EventDate "2005.07.30"]

1. d4 d5 2. c4 c6 3. Nf3 Nf6 4. Nc3 dxc4 5. a4 Na6 6. e3 Bg4 7. Bxc4 e6 8.
O-O Nb4 9. a5 Be7 10. Qb3 Bxf3 11. gxf3 b5 12. axb6 axb6 13. Bd2 O-O 14.
Ne2 Nbd5 15. e4 b5 16. Bd3 Nb6 17. Qc2 Rc8 18. e5 Nfd7 19. Bxh7+ Kh8 20.
Bd3 b4 21. Ba6 Rc7 22. Rfc1 g6 23. Be3 Kg7 24. Qe4 Nd5 25. Kh1 Rh8 26. Rg1
c5 27. Bd3 cxd4 28. Rxg6+ Kf8 29. Rh6 Rxh6 30. Bxh6+ Ke8 31. Nxd4 Bh4 32.
Nxe6 fxe6 33. Qg6+ Ke7 34. Qg7+ 1-0

[Event "15th ETC"]
[Site "Gothenburg SWE"]
[Date "2005.08.03"]
[Round "5"]
[White "Docx,S"]
[Black "Olsson,L"]
[Result "0-1"]
[WhiteElo "2310"]
[BlackElo "2352"]
[EventDate "2005.07.30"]

1. e4 c5 2. Nf3 d6 3. d4 cxd4 4. Nxd4 Nf6 5. Nc3 a6 6. Bc4 e6 7. O-O Be7 8.
Bb3 O-O 9. f4 b5 10. e5 dxe5 11. fxe5 Nfd7 12. Qh5 Bc5 13. Be3 Bxd4 14.
Bxd4 Nc6 15. Be3 Ncxe5 16. Ne4 Qe7 17. Rf4 Bb7 18. Rd1 Bxe4 19. Rxe4 Ng6
20. Red4 Nc5 21. c4 Nxb3 22. axb3 Qb7 23. h4 bxc4 24. Qg5 h6 25. Qg3 Qxb3
26. Rd7 h5 27. Rf1 Rac8 28. Kh2 Qb5 29. Ra7 c3 30. Qf3 Nxh4 31. Qh3 Qxf1
0-1

[Event "15th ETC"]
[Site "Gothenburg SWE"]
[Date "2005.08.03"]
[Round "5"]
[White "Nyback,T"]
[Black "San Segundo Carrillo,P"]
[Result "1-0"]
[WhiteElo "2571"]
[BlackElo "2514"]
[EventDate "2005.07.30"]

1. d4 Nf6 2. c4 e6 3. Nf3 b6 4. g3 Ba6 5. b3 Bb4+ 6. Bd2 Be7 7. Bg2 c6 8.
O-O d5 9. Qc2 Nbd7 10. Rd1 O-O 11. Bf4 Rc8 12. Nc3 Qe8 13. e4 dxc4 14. Nd2
e5 15. dxe5 Ng4 16. Nxc4 Bxc4 17. bxc4 Bc5 18. Rd2 Ndxe5 19. h3 Nf6 20. Na4
Bb4 21. Rdd1 Nfd7 22. a3 Be7 23. Be3 b5 24. Nb2 Nb6 25. c5 Nbc4 26. Nxc4
Nxc4 27. Bd4 Rd8 28. e5 f6 29. e6 f5 30. Qc3 Bf6 31. Bxf6 Rxd1+ 32. Rxd1
Rxf6 33. Rd7 Qxe6 34. Rxa7 Rf7 35. Ra6 Rc7 36. Qd4 Rd7 37. Qf4 Ne5 38. Qe3
Qe7 39. Qb3+ Kf8 40. Ra8+ Rd8 41. Rxd8+ Qxd8 42. Qe3 Qf6 43. Kh2 Ng6 44.
Qd3 Ne7 45. Bf3 Qe5 46. Qc2 g6 47. Kg2 h5 48. Qc1 Kf7 49. h4 Kf6 50. Kf1
Ke6 51. Qe3 Qxe3 52. fxe3 Ke5 53. Ke2 Nd5 54. Kd3 Ne7 55. Kc3 Nd5+ 56. Kd3
Ne7 57. Kc3 Nd5+ 58. Kb3 Nxe3 59. Bxc6 Kd4 60. Be8 Kxc5 61. Bxg6 Nf1 62.
Bxh5 Nxg3 63. Bd1 f4 64. h5 Nf5 65. Kc3 Nh6 66. Kd3 Nf5 67. Bg4 Nh6 68. Be6
Kd6 69. Bh3 Kd5 70. Bd7 Ke5 71. Bxb5 f3 72. Ke3 Nf5+ 73. Kf2 Nd4 74. a4 Kf5
75. Be8 Kg5 76. a5 1-0

[Event "15th ETC"]
[Site "Gothenburg SWE"]
[Date "2005.08.03"]
[Round "5"]
[White "Lopez Martinez,J"]
[Black "Sammalvuo,T"]
[Result "0-1"]
[WhiteElo "2507"]
[BlackElo "2441"]
[EventDate "2005.07.30"]

1. e4 c5 2. Nf3 d6 3. Nc3 Nf6 4. d4 cxd4 5. Qxd4 Nc6 6. Bb5 Bd7 7. Bxc6
Bxc6 8. Bg5 e6 9. O-O-O Be7 10. Rhe1 O-O 11. Qd2 Qc7 12. Nd4 Rfc8 13. f3 b5
14. Kb1 b4 15. Nce2 a5 16. h4 a4 17. Rc1 Qb7 18. c4 b3 19. a3 Qa6 20. Nf4
h6 21. Nd3 hxg5 22. hxg5 Nh7 23. f4 Bb7 24. Rc3 Rxc4 25. Nb4 Rxb4 26. axb4
a3 27. Rxb3 axb2 28. Qxb2 e5 29. Nf5 Bf8 30. b5 Qa5 31. Re2 Qa4 0-1

[Event "15th ETC"]
[Site "Gothenburg SWE"]
[Date "2005.08.03"]
[Round "5"]
[White "Karttunen,M"]
[Black "Perez Candelario,Man"]
[Result "0-1"]
[WhiteElo "2409"]
[BlackElo "2504"]
[EventDate "2005.07.30"]

1. d4 d5 2. c4 e6 3. Nc3 c6 4. e3 Nf6 5. b3 Nbd7 6. Bb2 Be7 7. Nf3 O-O 8.
Bd3 b6 9. O-O Bb7 10. cxd5 exd5 11. Rc1 Rc8 12. Qe2 Rc7 13. Rfd1 Re8 14.
Bf5 Bd6 15. g3 Qe7 16. Rc2 g6 17. Bh3 Ne4 18. Rdc1 Nxc3 19. Rxc3 f5 20. Qd1
Rf8 21. Bg2 Rcc8 22. R3c2 Rce8 23. Qd3 Rf6 24. Nd2 Re6 25. Nf3 Bb8 26. a3
a5 27. Kh1 Kh8 28. Kg1 Kg8 29. Kh1 Kh8 30. Kg1 Rf8 31. Nd2 g5 32. Nf3 h6
33. Ra1 Qf6 34. Rcc1 Qg7 35. Re1 Bd6 36. Qc2 Bb8 37. Nd2 h5 38. Kh1 h4 39.
Kg1 g4 40. Rad1 Rh6 41. Qd3 Qh7 42. f4 gxf3 43. Nxf3 hxg3 44. h3 Nf6 45.
Ng5 Qg8 46. Nf3 Ne4 47. Rc1 Nf2 48. Qf1 Rf7 49. Rc2 Rfh7 50. h4 Qg4 0-1

[Event "15th ETC"]
[Site "Gothenburg SWE"]
[Date "2005.08.03"]
[Round "5"]
[White "Del Rio Angelis,S"]
[Black "Maki Uuro,Mi"]
[Result "1/2-1/2"]
[WhiteElo "2470"]
[BlackElo "2390"]
[EventDate "2005.07.30"]

1. d4 d5 2. c4 c6 3. Nf3 Nf6 4. Nc3 dxc4 5. e3 b5 6. a4 b4 7. Na2 e6 8.
Bxc4 Be7 9. O-O O-O 10. Qe2 Bb7 11. Bd2 a5 12. Rfd1 Nbd7 13. Nc1 Qb6 14.
Nb3 Rfd8 15. Be1 c5 16. Bb5 Bd5 17. Nfd2 cxd4 18. Nxd4 Bc5 19. N2b3 e5 20.
Nxc5 Nxc5 21. Nf3 Qe6 22. Rac1 Rac8 23. Ng5 Qe7 24. Bc4 Bxc4 25. Qxc4 h6
26. Nf3 Nxa4 27. Qxc8 Rxc8 28. Rxc8+ Kh7 29. Rc2 Qe6 30. Ra1 Qb3 31. Re2
Nd7 32. Rd2 Nab6 33. Rdd1 f6 34. Nd2 Qc2 35. b3 Qc5 36. Ne4 Qc2 37. Nd2 Qc5
38. Ne4 Qc2 39. Nd2 1/2-1/2

[Event "15th ETC"]
[Site "Gothenburg SWE"]
[Date "2005.08.03"]
[Round "5"]
[White "Godena,M"]
[Black "Atakisi,U"]
[Result "1-0"]
[WhiteElo "2522"]
[BlackElo "2437"]
[EventDate "2005.07.30"]

1. e4 c5 2. Nf3 Nc6 3. c3 Nf6 4. e5 Nd5 5. Bc4 Nb6 6. Be2 g6 7. d4 cxd4 8.
cxd4 Bg7 9. Bf4 d6 10. exd6 exd6 11. Nc3 O-O 12. Bg5 Qe8 13. O-O Bg4 14. h3
Bxf3 15. Bxf3 Qd7 16. Ne2 Rfe8 17. Rc1 Rac8 18. Qd2 Rc7 19. Bg4 f5 20. Bf3
Rec8 21. Rc3 Qf7 22. Rfc1 Nd5 23. R3c2 Nf6 24. Kh1 d5 25. Bxf6 Bxf6 26. Nf4
Rd7 27. Nd3 Re8 28. Nc5 Rd6 29. Nxb7 Rd7 30. Rxc6 Rxb7 31. Rxf6 Qxf6 32.
Bxd5+ Rf7 33. Rc7 Ree7 34. Rxe7 Qxe7 35. Qe3 Qc7 36. Qe8+ Kg7 37. Qxf7+ 1-0